MARC

LEADER 00000nam0a2200000 4500
001 260469
005 20231101233500.0
035 |a (RuTPU)RU\TPU\book\283418 
090 |a 260469 
100 |a 20140515d1987 m y0rusy50 ca 
101 0 |a rus 
102 |a RU 
105 |a a j 001zy 
200 1 |a Применение численного дифференцирования при интерпретации гравитационных аномалий  |e учебное пособие  |f О. Л. Тарунина  |g Пермский государственный университет (ПГУ) 
210 |a Пермь  |c Изд-во Пермского ун-та  |d 1987 
215 |a 88 с.  |c ил. 
320 |a Библиогр.: с. 82-85. 
606 1 |a Гравиметрическая разведка  |x (геология)  |2 stltpush  |3 (RuTPU)RU\TPU\subj\39184  |9 59373 
610 1 |a численное дифференцирование 
610 1 |a применение 
610 1 |a интерпретация 
610 1 |a учебные пособия 
610 1 |a гравитационные аномалии 
610 1 |a классификация 
610 1 |a карты 
610 1 |a производные 
610 1 |a вычисление 
675 |a 550.831  |v 3 
700 1 |a Тарунина  |b О. Л.  |g Ольга Леонидовна 
712 0 2 |a Пермский государственный университет (ПГУ)  |2 stltpush  |3 (RuTPU)RU\TPU\col\189 
801 1 |a RU  |b 63413507  |c 20140515 
801 2 |a RU  |b 63413507  |c 20150425  |g RCR 
942 |c BK